Probability in Banach spaces-stable and infinitely divisible distributions

Αποθηκεύτηκε σε:
Λεπτομέρειες βιβλιογραφικής εγγραφής
Κύριος συγγραφέας: Linde, Werner, 1947-
Μορφή: Βιβλίο
Γλώσσα:English
Δημοσίευση: Chichester : New York : Wiley, c1986
Έκδοση:Licensed ed
Θέματα:
Ετικέτες: Προσθήκη ετικέτας
Δεν υπάρχουν, Καταχωρήστε ετικέτα πρώτοι!

MARC

LEADER 00000cam a2200000 i 4500
001 1/35772
008 941103r1986 eng d
020 |a 0471908932  |c $30.42 
035 |l 10040065 
035 |a 1993  |c ΤΡΥΨΙΑΝΝΗΣ 
040 |a GR-MY-UA  |b gre  |e aacr 
041 0 |a eng 
082 0 |a 515.732  |2 (19) 
100 1 |a Linde, Werner,   |d 1947- 
245 1 0 |a Probability in Banach spaces-stable and infinitely divisible distributions /  |c by Werner Linde 
250 |a Licensed ed 
260 |a Chichester :   |a New York :   |b Wiley,   |c c1986 
300 |a 195 p.;  |c 24 cm 
500 |a Originally published: Infinitely divisible and stable measures on Banach spaces. 1 Aufl. Leipzig : B.G. Teubner Verlagsgesellschaft, c1983 
500 |a "A Wiley-Teubner publication." 
500 |a Includes indexes 
504 |a Bibliography: p. [177]-188 
650 0 0 |a Banach spaces. 
650 0 0 |a Measure theory. 
852 |a INST  |b SAMOS  |e 19941103  |h 515.732 LIN  |p 005300003772  |q 005300003772  |t BK  |y 0 
909 |a Σ  |b 029550